000
00179 a2200097 4500
020
_a
9780439636186
041
_a
eng
100
_a
West, Tracey
245
_a
Blackfire
942
_c
BK
999
_c
30111
_d
30109